One Piece personnages par la lettre i - Statistiques

Statistiques générales
  • Ce quiz a été pris 167 fois
  • Le résultat moyen est 8 sur 11
Statistiques - réponses
Indice Réponse % Correct
Au-dessus des 5 doyens Imu
98%
Membre de l'armée révolutionnaire Ivankov
96%
Prison la mieux protégée Impel Down
93%
Maire de Water Seven Iceburg
83%
Fruit d'Absalom Fruit de l'invisibilité
82%
Possède le fruit des ciseaux Inazuma
77%
Membre de l'équipage de Barbe blanche originaire de Wano Izo
71%
Infiltré dans Baroque Works pour sauver Alabasta Igaram
68%
Membre des fourreaux rouges Inuarashi
56%
Sabre de Zorro, appartenait à Kuina Wado ichimonji
51%
Membre de la flotte de Luffy Ideo
46%
Aucun quiz correspondant
Distribution des résultats
% des personnes avec chaque résultat
Percentile par nombre de réponses
Votre historique - résultats
Vous n’avez pas pris ce quiz